000 00335nam a2200133Ia 4500
008 240624s9999 xx 000 0 und d
041 _aeng
082 _a658.3 ULR
100 _aBROCKBANK WAYNE
245 _aHR VALUE PROPOSITION
260 _c2005
_aNew Delhi
_bHarvard Business School Publishing
300 _a336 : p.
365 _cRS
999 _c21088
_d21088